| 000 | 01020nam0a22002531 4500 | ||
|---|---|---|---|
| 001 | rc\4604929 | ||
| 005 | 20260407185937.0 | ||
| 021 |
_aRU _b[65-87884] |
||
| 035 | _a(NLR Aleph) 008668287 | ||
| 090 |
_a9104276 _c9104276 |
||
| 100 | _a20130416d1965 |||y0rusy50 ca | ||
| 101 | 0 | _arus | |
| 102 | _aRU | ||
| 105 | _ay z ||||| | ||
| 200 | 1 |
_aОпыты с полевыми культурами _e(Метод. советы) _fОмский обл. отд. нар. образования. Омская обл. станция юных натуралистов |
|
| 210 |
_aОмск _cЗап.-Сиб. кн. изд-во. Омское отд-ние _d1965 |
||
| 215 |
_a40 с. _d20 |
||
| 606 |
_aПолеводство _xОпыты учебные _yОмская область _2psbo |
||
| 712 | 0 | 2 |
_aОмская областная станция юных натуралистов _9742989 _3RU\NLR\AUTH\8810122511 |
| 801 | 0 |
_aRU _bNLR _gpsbo |
|
| 801 | 1 |
_aRU _bELAR _2rusmarc |
|
| 852 |
_aNLR _j65-4/18009 |
||
| 942 | _cBOOK | ||
| 980 | _aNB | ||